00472 2200157 4500245007200000020002200072250001000094100002800104005001900132260002600151041001400177084001100191500006200202490004100264336000900305 aPUSTAKA PENGETAHUAN AL-QUR'AN VOL.01cMUHAMMAD AS-SYYID YUSUFhText a978-979-16368-0-3 aCet.1 aMUHAMMAD AS-SYYID YUSUF a20240823094643 aJakartabDAR AS-SALAM aIndonesia a297.03 aDaftar isi : intisari iman,pengaruh iman,akidah pra-islam aPUSTAKA PENGETAHUAN AL-QUR'AN VOL.01 atext